000 00601nam a2200229Ia 4500
003 OSt
005 20220918224930.0
006 a|||||r|||| 00| 0
007 ta
008 220917b |||||||| |||| 00| 0 eng d
024 _a235,304
037 _cTextual
040 _aARTS
_cARTS
_beng
041 _2eng
_aeng
082 _aT:871, L2
100 _aMiller David Monroe
_9149143
245 0 _aInterpreting test scores
260 _aNew York
_bJohn Wiley and Sons USA
_c1972
650 _aEDUCATION
942 _hT:871, L2
_cTEXL
_2CC
999 _c282699
_d282699